Wszystkie transfery Widzewa Łódź - Zima 2025/2026 - Statystyki

Ogólne statystyki
  • Ten quiz został rozwiązany 36 razy
  • Średni wynik to 7 z 8
Statystyki odpowiedzi
Narodowość Wartość Transferu Piłkarz % Poprawnych
Polska 3,10 mln € Przemysław Wiśniewski
90%
Demokratyczna Republika Konga / Francja 2 mln € Steve Kapuadi
90%
Polska 300 tyś € Bartłomiej Drągowski
87%
Ghana / Serbia 5,50 mln € Osman Bukari
87%
Dania Za darmo Lukas Lerager
83%
Norwegia 900 tyś € Christopher Cheng
80%
Dania 3 mln € Emil Kornvig
77%
Hiszpania 1 mln € Carlos Isaac
67%
Nie znaleziono quizów pasujących do podanych kryteriów
Rozkład punktacji
Procent ludzi z każdym wynikiem
Percentyl według liczby udzielonych odpowiedzi
Twoja historia wyników
Nie rozwiązałeś tego quizu